An introduction to biodiversity / (Record no. 14872)

MARC details
000 -LEADER
fixed length control field 00875nam a22002417a 4500
001 - CONTROL NUMBER
control field ENG-90735
005 - DATE AND TIME OF LATEST TRANSACTION
control field 20080818121844.0
008 - FIXED-LENGTH DATA ELEMENTS--GENERAL INFORMATION
fixed length control field 080818t xxu||||| |||| 00| 0 eng d
010 ## - LIBRARY OF CONGRESS CONTROL NUMBER
LC control number ENG-90735
020 ## - INTERNATIONAL STANDARD BOOK NUMBER
International Standard Book Number 8189557173
Terms of availability 650.00
035 ## - SYSTEM CONTROL NUMBER
System control number EN-74268
037 ## - SOURCE OF ACQUISITION
Source of stock number/acquisition DBAD / PUB
040 ## - CATALOGING SOURCE
Original cataloging agency DPl
082 ## - DEWEY DECIMAL CLASSIFICATION NUMBER
Classification number 333.9511
100 ## - MAIN ENTRY--PERSONAL NAME
Personal name Goel, B.R.
245 ## - TITLE STATEMENT
Title An introduction to biodiversity /
Statement of responsibility, etc by B.R. Goel
260 ## - PUBLICATION, DISTRIBUTION, ETC. (IMPRINT)
Place of publication, distribution, etc New Delhi
Name of publisher, distributor, etc Arise Publishers & Distributors
Date of publication, distribution, etc 2006
300 ## - PHYSICAL DESCRIPTION
Extent viii, 312 p. :
Other physical details ill.
Dimensions 22 cm.(Hb)
650 ## - SUBJECT ADDED ENTRY--TOPICAL TERM
Topical term or geographic name as entry element Biodiversity conservation
942 ## - ADDED ENTRY ELEMENTS (KOHA)
Source of classification or shelving scheme Dewey Decimal Classification
Koha item type English Books
Classification part 333.9511
Call number suffix GOE
Holdings
Withdrawn status Lost status Damaged status Not for loan Collection code Home library Current library Date acquired Source of acquisition Cost, normal purchase price Total Checkouts Full call number Barcode Date last seen Cost, replacement price Price effective from Koha item type
      Not For Loan Non-fiction D.B.Act.Division D.B.Act.Division 18/08/2008 DBAD / PUB 650.00   333.9511 GOE EN-74268 15/09/2008 650.00 15/09/2008 English Books

© Delhi Public Library
Hit Counter
free hit counter